00690nam a22002297a 450000500170000001000130001702000230003003500130005303700160006604000120008208200110009410000260010524500390013126000420017027000280021230000200024065000220026065000200028294200210030299900190032395201180034220170124110146.0 aA-491384 c00.00a07475085356 aA-491384 bCen Lib/Ret aDPLbEN aNbDIS aDische, Irene 933468 aPious Secrets /cby Irence Dische  aLondon c1991bBloomsbury Publishing  bLondon a2 Soho square  a147p.c22cm(Hb) aLiterature 96262 aFiction 98901 2ddccENhNmDIS  c132013d132013 00104070aLbLd2015-07-16eCen Lib/Retg0.00l0oN DISpA-491384r2015-07-16 00:00:00t1v0.00w2015-07-16yEN